Ekonomická funkce jakosti v tržním mechanismu.

Pojem a význam kvality výrobku a služieb. Rast významu kvality pre ekonomickú prosperitu podniku a analýza jej úrovne v podmienkach čsl. výroby. Cesty uplatnenia výrobku na trhu. Pohľady na kategóriu hodnoty a ceny zo strany výrobcov a užívateľov. Úloha dizajnu tovaru v odbyte. Cesty zvyšovania prod...

Descrizione completa

Salvato in:
Dettagli Bibliografici
Autore principale: Nenadál, Jaroslav
Natura: Capitolo di libro
Lingua:ceco
Soggetti:
Tags: Aggiungi Tag
Nessun Tag, puoi essere il primo ad aggiungerne!!

MARC

LEADER 00000naa a2200000 4500
001 r001574
005 20220819180742.6
041 0 |a cze 
044 |a [CS] 
245 1 0 |a Ekonomická funkce jakosti v tržním mechanismu.  |c J. Nenadál 
520 |a Pojem a význam kvality výrobku a služieb. Rast významu kvality pre ekonomickú prosperitu podniku a analýza jej úrovne v podmienkach čsl. výroby. Cesty uplatnenia výrobku na trhu. Pohľady na kategóriu hodnoty a ceny zo strany výrobcov a užívateľov. Úloha dizajnu tovaru v odbyte. Cesty zvyšovania produkcie výrobkov vysokej kvality v našich podmienkach. 
610 2 0 |a kvalita výrobkov 
610 2 0 |a kvalita 
610 2 0 |a služby 
610 2 0 |a mechanizmus trhový 
610 2 0 |a zisk podnikový 
610 2 0 |a ceny 
610 2 0 |a výrobky 
610 2 0 |a dizajn 
610 2 0 |a odbyt 
100 1 |a Nenadál, Jaroslav